00678nam a2200205Ia 4500001002000000003000900020008004100029040002300070041001300093100002800106240003000134245004000164250001500204260003600219300003300255490000900288501012400297520003300421700001800454220.3-ENC bi (1836)IT-MiSPE171229s9999||||xx |||||||||||||| ||und|| aIT-MiSPEcIT-MiSPE aITALIANO aAlejandro Dìez Macho  aEnciclopedia de la Biblia 0aEnciclopedia della BibbiabII. C-Ep a1a ed. (v) aLeumann (TO)bLDCc(impr.) 1969 aXXV, 1358 col. [6 v.]c26 cm v 2° aEdizioni San Paolo srl - Piazza Soncino, 5 - 20092 CINISELLO BALSAMO (MI) (non commercial uses only) ® Copyright 2018 aArmando Rolla (ed. it). Ill. aArmando Rolla